000 00231 a2200097 4500
001 39793
100 _aRussell W F
245 _aParents Handbook of Grammar & Usage
260 _aNew York
_bStein and
_c1982
090 _c24800
_d24800
942 _aNUST-CAE
_cM
_c16448
999 _c274866
_d274866